000 00351nam a2200121 a 4500
001 000035039
005 20200930074050.0
008 111024s1975 cu 000 0 spa d
040 _aDO-SdBNP
_bspa
_cBNPHU
245 0 0 _aWork plan Cuban women´s federation.
260 _aLa Habana :
_bOrbe, Instituto Cubano del Libro,
_c1975.
300 _a77 p. ;
_c19 cm.
999 _c34530
_d34530